00858cam a2200301 a 450000100060000000300100000600500170001600700030003300800410003602000180007702000150009504000260011008200170013608400060015310000480015924500420020725000120024930000200026133600270028133700330030833800280034149000240036950000420039365000430043594200120047899000490049099900170053960346CO-BoRNBP20260126214800.0ta190621s2017 ck gr 000 fdspa  a9789584264138 a9584264133 aCO-BoBNbspacCO-BoBN04aCo863.44223 a01 aCastro Caycedo, Germán,d1940-202194558610aColombia X /cGermán Castro Caycedo a1a. ed. a305 p. ;c23 cm 2rdacontentatextobtxt 2rdamediaasin mediaciónbn 2rdacarrieravolumenbnc0 aPlaneta. Biblioteca aIncluye datos biográficos del autor14aNovela colombianaySiglo XX2LEMB9426 2ddccBK a2019-3035bEditorial Planeta Colombiana S.A. c60346d60346